| 000 | | | 03846cbm0a2200253#x 450 |
| 001 | | | ce79d998-b73d-4716-9f81-66ed793ccb1b |
| 005 | | | 20240814113316.0 |
| 100 | ## | $a | 20220530j19410921k###0rusy50 ca |
| 101 | 0# | $a | rus |
| 102 | ## | $a | RU |
| 105 | ## | $a | y###z######## |
| 122 | 0# | $a | d19410921## |
| 200 | 1# | $a | Постановление ГКО СССР № 698 сс о переселении немцев из Краснодарского, Орджоникидзевского краев, Тульской области, Кабардино-Балкарской и Северо-Осетинской АССР, с приложением записки Берии Л. П. Сталину И. В. |
| | $j | 21 сентября 1941 г. |
| 251 | ## | $c | Документ |
| 300 | ## | $a | Рассылочный и подлинный экземпляры |
| 461 | #0 | $1 | 2001 |
| | $a | Ф. 644 |
| | $1 | 251 |
| | $c | Фонд |
| | $1 | 852 |
| | $j | 644 |
| 462 | #0 | $1 | 2001 |
| | $a | Оп. 1 |
| | $1 | 251 |
| | $c | Опись |
| | $1 | 852 |
| | $j | 1 |
| 605 | ## | $2 | prlib_sh |
| | $3 | LIBNET\UAF\0000088514 |
| | $a | Вторая мировая война в архивных документах (Комплекс оцифрованных архивных документов, кино- и фотоматериалов) |
| | $l | коллекция |
| 605 | ## | $a | Краснодарский край: страницы истории |
| | $l | коллекция |
| | $2 | acquisition_Prlib |
| | $3 | DITM\AF\0000004872 |
| 686 | ## | $a | 63.3(2)622-3ю11 |
| | $v | LBC/M |
| | $2 | rubbk |
| 801 | #0 | $a | RU |
| | $b | ПБ им. Б.Н. Ельцина |
| | $c | 20220530 |
| 801 | #1 | $a | RU |
| | $b | ПБ им. Б.Н. Ельцина |
| | $c | 20220530 |
| | $2 | rusmarc |
| 801 | #2 | $a | RU |
| | $b | ПБ им. Б.Н. Ельцина |
| | $c | 20220531 |
| | $2 | rusmarc |
| 850 | ## | $a | Российский государственный архив социально-политической истории |
| 852 | ## | $a | РГАСПИ |
| | $j | Д. 10. Л. 42-43; Оп. 2. Д. 18. Л. 170-174 |
| 035 | ## | $a | LIBNET\0001244854 |
| 937 | ## | $d | 176175910 |
| | $h | Федеральное архивное агентство |
| 856 | 4# | $u | http://readingroom.main.prlib.ru/item.aspx?id_node=n176175910&mode=full |